000 00369nam a2200145 i 4500
001 bg
100 1 _aMCRAE, J.
245 0 _aChapter & verse: an interactive ap-proach to literature] /
_cJ. McRae, W. Pantaleoni.
260 _aOxford,
_c1990.
700 1 _aPANTALEONI, W.
040 _cBPK
041 _apol
942 _cKS
008 s pl f |000 0 pol
999 _c4516
_d4516
856 _uhttp://koha.tu.koszalin.pl/cgi-bin/koha/opac-detail.pl?biblionumber=4516
_yKatalog online BPK